000 00642nam a2200181 a 4500
001 000048617
005 20240305091221.0
008 190403s2015 dr 000 m spa d
020 _a9789945130348
040 _aDO-SdBNP
_bspa
_cBNPHU
082 _axxxx
_bN714a
100 1 _aNina, Juan B.,
_d1959-
_q(Juan Bautista)
_99246
245 1 3 _aEl sabor del agua :
_brecetas de pescados y mariscos del Caribe /
_cJuan B Nina.
260 _aSanto Domingo :
_bEdiciones Librería La Trinitaria,
_c2015.
300 _a94 p. ;
_c21 cm.
500 _aIncluye datos biográficos del autor en la solapa de la contracubierta
590 _aInventariado, 2019/LP
999 _c48105
_d48105